Estadísticas para Letras Revueltas - Países Iberoamericanos

Haz click aquí para intentar la prueba.

Estadísticas generales

  • Esta prueba ha sido intentada 50 veces
  • La puntuación promedio es 19 de 22

Estadísticas de respuestas

Letras Revueltas# LetrasRespuesta% Correcto
A • R • S • L • I • B6Brasil
100%
L • C • I • E • H5Chile
100%
Á • M • P • N • A • A6Panamá
100%
R • P • Ú • E4Perú
100%
X • M • O • I • C • É6México
98%
B • C • A • U4Cuba
95%
A • S • Ñ • P • E • A6España
95%
V • L • A • I • B • I • O7Bolivia
93%
Y • G • A • A • R • A • P • U8Paraguay
93%
R • Y • A • U • U • G • U7Uruguay
93%
U • Z • A • L • E • N • E • E • V9Venezuela
93%
T • N • A • A • E • G • I • N • R9Argentina
84%
U • N • S • H • D • A • R • O8Honduras
84%
B • O • L • A • O • C • I • M8Colombia
81%
U • A • R • C • G • I • N • A • A9Nicaragua
81%
M • E • A • G • L • T • U • A • A9Guatemala
79%
O • S • A • R • C • T • A • I • C9Costa Rica
77%
U • C • O • E • R • A • D7Ecuador
77%
E • I • M • A • C • L • B • N • A • Ú • C • R • I • N • A • P • D • O • I19República Dominicana
74%
T • R • L • U • G • O • A • P8Portugal
72%
V • O • S • L • R • A • E • A • L • D10El Salvador
56%
R • D • N • A • R • A • O7Andorra
53%

Distribución de puntuación

Porcentaje por número respondido

Porcentaje de gente con cada puntuación

Historial de tus puntuaciones

No has intentado esta prueba.